| 000 | 02286nam0a2200361 4500 | ||
|---|---|---|---|
| 001 | RU\NLR\bibl\1452125 | ||
| 005 | 20250615232154.0 | ||
| 010 |
_a978-5-17-061551-3 _bАСТ |
||
| 010 |
_a978-5-403-02326-9 _bАСТ МОСКВА _93000 |
||
| 021 |
_aRU _b2009-85822 _95404 |
||
| 035 | _a(nilc)IZD\AST\2007\956431 | ||
| 035 | _a(NLR Aleph) 001443937 | ||
| 090 |
_a1480506 _c1480506 |
||
| 100 | _a20091022d2009 |||y0rusy50 ca | ||
| 101 | 1 |
_arus _ceng |
|
| 102 | _aRU | ||
| 105 | _ay ||||||||| | ||
| 200 | 1 |
_aЕще один шанс _e[роман] _fХейли Норт _g[пер. с англ. И.В. Ермаковой] |
|
| 210 |
_aМосква _cACT _cАСТ МОСКВА _d2009 (макет 2010) |
||
| 215 |
_a317, [1] с. _d21 |
||
| 225 | 1 | _aЛюбовь вступает в свои права | |
| 330 | _aКогда-то Харриет Смит была просто незаметной "серой мышкой", а красавец Джейк Портер - самым популярным парнем в школе. Когда-то их любовь, вспыхнувшая на выпускном балу, оборвалась, так и не успев расцвести. Годы спустя Харриет, знаменитая художница, и Джейк, добившийся успеха в музыкальном бизнесе, встречаются вновь. Теперь они взрослые люди, состоявшиеся, самодостаточные - и очень одинокие. Поначалу ни Джейк, ни Харриет даже не помышляют о романе, а тем более о браке. Но постепенно их любовь возвращается - и снова властно вступает в свои права... | ||
| 686 |
_a84(7Сое)-44 _vLBC/PL _2rubbk |
||
| 686 |
_a0661 _aЗарубежная сентиментальная литература _2TCC-BG |
||
| 686 | _aШ6(7США)67-440.4{Лх1979-50} | ||
| 700 | 1 |
_aНорт _bХ. _gХейли _4070 |
|
| 801 | 0 |
_aRU _bЛИБНЕТ _c20091022 |
|
| 801 | 1 |
_aRU _bЦУНБ Москва _c20091111 _2rusmarc |
|
| 801 | 2 |
_aRU _bNLR _c20091215 _grcr |
|
| 830 | _aCODE_OF_LIBNET\000040617 | ||
| 942 | _cBOOK | ||
| 980 | _aNB | ||